Трансформация бизнеса. Построение эффективной компании

Manylion Llyfryddiaeth
Prif Awdur: Парабеллум А. Андрей
Awduron Eraill: Мрочковский Н. Николай
Crynodeb:Книга содержит набор практических рекомендаций, помогающих решить 10 главных проблем бизнеса. И не просто решить их, а еще и заработать деньги, приобрести авторитет у сотрудников и клиентов, а также получить дополнительное свободное время. Весь материал основан на российских реалиях. Авторы делятся работающими приемами, уже давшими отличные результаты их многочисленным ученикам в различных сферах бизнеса. В книге представлены готовые алгоритмы и схемы работы, которые ускоряют и облегчают внедрение новых приемов. Ознакомившись с изданием, вы сможете грамотно организовать бизнес-процессы и получать больше прибыли и удовольствия от своей работы. Книга адресована в первую очередь владельцам и управляющим компаниями, тем, кто только собирается начать свое дело, а также руководителям служб маркетинга и продаж, производственных служб и отделов по работе с клиентами.
Iaith:Rwseg
Cyhoeddwyd: Санкт-Петербург, Питер, 2013
Pynciau:
Fformat: Llyfr
KOHA link:https://koha.lib.tpu.ru/cgi-bin/koha/opac-detail.pl?biblionumber=223629

MARC

LEADER 00000nam0a2200000 4500
001 223629
005 20231101230533.0
010 |a 9785459016819 
035 |a (RuTPU)RU\TPU\book\243889 
090 |a 223629 
100 |a 20121015d2013 km y0rusy50 ca 
101 0 |a rus 
102 |a RU 
105 |a y z 000zy 
200 1 |a Трансформация бизнеса. Построение эффективной компании  |f А. Парабеллум, Н. Мрочковский 
210 |a Санкт-Петербург  |c Питер  |d 2013 
215 |a 220 с. 
330 |a Книга содержит набор практических рекомендаций, помогающих решить 10 главных проблем бизнеса. И не просто решить их, а еще и заработать деньги, приобрести авторитет у сотрудников и клиентов, а также получить дополнительное свободное время. Весь материал основан на российских реалиях. Авторы делятся работающими приемами, уже давшими отличные результаты их многочисленным ученикам в различных сферах бизнеса. В книге представлены готовые алгоритмы и схемы работы, которые ускоряют и облегчают внедрение новых приемов. Ознакомившись с изданием, вы сможете грамотно организовать бизнес-процессы и получать больше прибыли и удовольствия от своей работы. Книга адресована в первую очередь владельцам и управляющим компаниями, тем, кто только собирается начать свое дело, а также руководителям служб маркетинга и продаж, производственных служб и отделов по работе с клиентами. 
606 1 |a Бизнес  |x Теория  |2 stltpush  |3 (RuTPU)RU\TPU\subj\28637  |9 52152 
610 1 |a предприниматели 
610 1 |a предпринимательская деятельность 
610 1 |a компании 
610 1 |a построение 
610 1 |a трансформации 
610 1 |a тайм-менеджмент 
610 1 |a мотивации 
610 1 |a аутсорсинг 
610 1 |a ауттаскинг 
610 1 |a персонал 
610 1 |a персонал-технологии 
610 1 |a управление 
610 1 |a показатели 
610 1 |a налоги 
610 1 |a безответственность 
610 1 |a новые идеи 
610 1 |a проектный менеджмент 
610 1 |a организационная структура 
610 1 |a документооборот 
610 1 |a маркетинг 
610 1 |a продажи 
610 1 |a финансы 
610 1 |a налоговая отчетность 
610 1 |a юридическое сопровождение 
686 |a У012.12  |v LBC/SL-A  |2 rubbk 
700 1 |a Парабеллум  |b А.  |g Андрей 
701 1 |a Мрочковский  |b Н.  |g Николай 
801 1 |a RU  |b 63413507  |c 20121015 
801 2 |a RU  |b 63413507  |c 20150505  |g RCR 
942 |c BK 
959 |a 134/20121015  |d 2  |e 252,00  |f ЧЗГЛ:1  |f АНЛ:1